| 000 | 00541nam a22001577a 4500 | ||
|---|---|---|---|
| 008 | 211101b ||||| |||| 00| 0 eng d | ||
| 020 | _a9781628372007 | ||
| 050 |
_aBS2361.3 _b .L69 2017 |
||
| 100 | _aLozada, Francisco, | ||
| 245 |
_a Toward a Latino/a biblical interpretation / _cFrancisco Lozada Jr. |
||
| 260 |
_a Atlanta : _bSBL Press, _c [2017] |
||
| 300 |
_a vii, 139 pages ; _c23 cm. |
||
| 500 | _aIncludes bibliographical references and index. | ||
| 650 |
_aBible. New Testament _xCriticism, interpretation, |
||
| 942 |
_2lcc _cBK |
||
| 999 |
_c57105 _d57105 |
||